Schody a schodište /
Enregistré dans:
| Auteur principal: | |
|---|---|
| Format: | Livre |
| Langue: | slovaque |
| Publié: |
Bratislava:
SVŠT v Bratislave,
1962
|
| Édition: | 1. vyd. |
| Collection: | Dočasné vysokoškolské učebnice, Zväzok 547
|
| Tags: |
Pas de tags, Soyez le premier à ajouter un tag!
|
MARC
| LEADER | 00000nam a22000003a 4500 | ||
|---|---|---|---|
| 001 | 0073004 | ||
| 003 | SK-STU | ||
| 005 | 20190506091234.0 | ||
| 007 | ta | ||
| 008 | 190506s ----xo-----e------000-0-----d | ||
| 040 | |a STU |b slo | ||
| 041 | 0 | |a slo |h slo | |
| 044 | |a xo | ||
| 100 | 1 | |a Hykš, Pavel, |d 1932- |4 aut |X 1621 |7 A000001621 | |
| 245 | 1 | 0 | |a Schody a schodište / |c aut. Pavel Hykš |
| 250 | |a 1. vyd. | ||
| 260 | |a Bratislava: |b SVŠT v Bratislave, |c 1962 | ||
| 300 | |a 175 s. | ||
| 490 | 0 | |a Dočasné vysokoškolské učebnice, Zväzok 547 | |
| 996 | |b 284V041095 |c V* 43783/S-19 |l VVT |s A |a 24 |w 0073004_0001 | ||